Biggest Cities in the United States - Statistics

General Stats
  • This quiz has been taken 27 times
  • The average score is 9 of 10
Answer Stats
Population City % Correct
2,288,250 Houston
96%
8,467,513 New York City
96%
1,624,569 Phoenix
96%
2,696,555 Chicago
92%
1,288,457 Dallas
92%
3,849,297 Los Angeles
92%
1,451,853 San Antonio
83%
1,381,611 San Diego
83%
1,576,251 Philadelphia
79%
983,489 San Jose
67%
No matching quizzes found
Score Distribution
Percent of People with Each Score
Percentile by Number Answered
Your Score History
You have not taken this quiz